| 000 | 00603nam a2200217Ia 4500 | ||
|---|---|---|---|
| 005 | 20250425162837.0 | ||
| 008 | 250425s9999 xx 000 0 und d | ||
| 020 | _a9781337627900 | ||
| 041 | _aeng | ||
| 082 |
_a005.74 _pCOR |
||
| 100 | _aCoronel, Carlos | ||
| 245 | 0 |
_aDatabase systems _bdesign, implementation, and management _c Carlos Coronel, Steven Morris |
|
| 250 | _a13th ed. | ||
| 260 |
_aBoston _bCengage _c2019 |
||
| 300 | _a802 páginas | ||
| 650 | _aDiseño de base de datos | ||
| 650 | _aGestión de base de datos | ||
| 700 | _aMorris, Steven | ||
| 942 | _c01 | ||
| 010 | _a112422 | ||
| 999 |
_c237572 _d237572 |
||